000 00848nac a22002171u 4500
010 _a 2005011528
020 _a0321464508
082 0 0 _a327
_bG5781
090 _c2276
_d2276
100 _aGoldstein, Joshua S.,
245 1 0 _aInternational relations /
_cJoshua S. Goldstein, Jon C. Pevehouse.
250 _a2006-2007 ed.
260 _aNew York :
_bPearson Longman,2007
_c2007.
300 _axxv, 597 p. :
_bill. (some col.), maps (some col.) ;
_c26 cm.
504 _aIncludes bibliographical references and indexes.
650 0 _aInternational relations
_vTextbooks.
700 1 _aPevehouse, Jon C.
856 4 1 _3Table of contents
_uhttp://www.loc.gov/catdir/toc/ecip0511/2005011528.html
942 _cBB
_k327 G5781
999 _c2276
_d2276